000 00387nam a2200157Ia 4500
008 230917s9999||||xx |||||||||||||| ||und||
040 _e143223
_aMAIN
041 _aEnglish
082 _a005.74 D262I
100 _aDate, C.J
245 0 _aIntroducation to database systems
250 _a8th ed.
260 _aNew Delhi
_bPearson education
_c2009
300 _a931p. p.
942 _cBK
999 _c141906
_d141906